000 00311nam a2200133Ia 4500
008 150301s2015 xx 000 0 und d
082 _a614
_bH15J
100 _aN.K JAIN
245 _aHEALTH EDUCATION AND COMMUNITY PHARMACY
260 _bCBS- DELHI
300 _a274
650 _aPHARMCY
942 _2ddc
_cBK
_01
999 _c7136
_d7136